000 00608nam a2200205Ii 4500
003 JO-AjNU
008 230606s9999||||xx |||||||||||||| ||und||
020 _a81-7435-057-3
040 _aJO-AjNU
_beng
_erda
_cJO-AjNU
041 _aeng
050 1 4 _aBP135.A14.1999
100 3 _aMuslim ibn al-Hajjaj al-Qushayri,
_eauthor
_95322
245 0 0 _aSahih Muslim
264 3 1 _aINDIA: Adam Publishers andDistributors, 1999
300 _a203p
336 _atext
_btxt
_2rdacontent
337 _aunmediated
_bn
_2rdamedia
338 _avolume
_bnc
_2rdacarrier
650 4 _aHadith -- Siddiqui , Abdul Hameed
_95323
999 _aE2749
_c2747
_d2747